Once more, with feeling : (Record no. 331)

MARC details
000 -LEADER
fixed length control field 00881aam a2200265 a 4500
001 - CONTROL NUMBER
control field 3691896
005 - DATE AND TIME OF LATEST TRANSACTION
control field 20200421093826.0
008 - FIXED-LENGTH DATA ELEMENTS--GENERAL INFORMATION
fixed length control field 021204r20032002enkac 000 0 eng
015 ## - NATIONAL BIBLIOGRAPHY NUMBER
National bibliography number GBA3-Z4868
016 7# - NATIONAL BIBLIOGRAPHIC AGENCY CONTROL NUMBER
Record control number 1841154377
Source Uk
020 ## - INTERNATIONAL STANDARD BOOK NUMBER
International Standard Book Number 1841154377 (pbk.) :
Terms of availability £7.99
035 ## - SYSTEM CONTROL NUMBER
System control number (Uk)gb A30Z4868
035 ## - SYSTEM CONTROL NUMBER
System control number 774279
040 ## - CATALOGING SOURCE
Original cataloging agency StDuBDS
Transcribing agency StDuBDS
Modifying agency Uk
082 04 - DEWEY DECIMAL CLASSIFICATION NUMBER
Classification number 791.430233
Edition information 21
100 1# - MAIN ENTRY--PERSONAL NAME
Personal name Coren, Victoria,
Dates associated with a name 1972-
245 10 - TITLE STATEMENT
Title Once more, with feeling :
Remainder of title how we tried to make the greatest porn film ever /
Statement of responsibility, etc. Victoria Coren, Charlie Skelton.
260 ## - PUBLICATION, DISTRIBUTION, ETC.
Place of publication, distribution, etc. London :
Name of publisher, distributor, etc. Fourth Estate,
Date of publication, distribution, etc. 2002
Date of manufacture (2003 printing)
300 ## - PHYSICAL DESCRIPTION
Extent 340 p., [16] p. of plates :
Other physical details col. ill., ports.c20 cm.
600 10 - SUBJECT ADDED ENTRY--PERSONAL NAME
Personal name Coren, Victoria,
Dates associated with a name 1972-
600 10 - SUBJECT ADDED ENTRY--PERSONAL NAME
Personal name Skelton, Charlie.
650 #0 - SUBJECT ADDED ENTRY--TOPICAL TERM
Topical term or geographic name entry element Erotic films
General subdivision Production and direction
Form subdivision Humor.
9 (RLIN) 1661
700 1# - ADDED ENTRY--PERSONAL NAME
Personal name Skelton, Charlie.
942 ## - ADDED ENTRY ELEMENTS (KOHA)
Source of classification or shelving scheme Dewey Decimal Classification
Koha item type Books
Holdings
Withdrawn status Lost status Damaged status Not for loan Collection Home library Current library Shelving location Date acquired Barcode Date last seen Price effective from Koha item type
        Reference Fairview Fairview General stacks 09/04/2014 39999000014396 09/04/2014 09/04/2014 Books